Τι είναι αυτό που το λένε τέχνη

Αποθηκεύτηκε σε:
Λεπτομέρειες βιβλιογραφικής εγγραφής
Κύριος συγγραφέας: Danto, Arthur C., 1924-2013
Μορφή: Βιβλίο
Γλώσσα:Greek
English
Δημοσίευση: Αθήνα : Μεταίχμιο, c2013.
Θέματα:
Ετικέτες: Προσθήκη ετικέτας
Δεν υπάρχουν, Καταχωρήστε ετικέτα πρώτοι!

MARC

LEADER 00000nam a2200000 a 4500
001 1/113724
008 170426s2013####gr | ||| |||| ||gre||
020 |a 9789605663728 
040 |a GR-MyUa  |b gre  |c GR-MyUa  |e AACR2 
041 1 |a gre  |h eng 
082 7 |a 700.1   |2 (23) 
100 1 |a Danto, Arthur C.,   |d 1924-2013. 
245 1 0 |a Τι είναι αυτό που το λένε τέχνη /   |c Arthur C. Danto ; μετάφραση Ανδρέας Παππάς.  
260 |a Αθήνα :   |b Μεταίχμιο,   |c c2013.  
300 |a 227 σ. ;   |c 21 εκ.  
500 |a Τίτλος πρωτοτύπου: What art is.  
504 |a Βιβλιογραφία: σ. 225-227. Ευρετήριο.  
650 0 |a Art  |x Philosophy. 
852 |a INST  |b SYROS  |c EUDOXUS  |e 20170426  |h 700.1 DAN  |p 005500012995  |q 005500012995  |t BK  |y 0 
920 |a Εύδοξος  |b Παραγγελία  |y Σύρος-ΤΜΣΠΣ  |z 2017-04 
970 |a Κοντού  |b Παρασκευή  |z 26/04/2017